Chiến tranh lạnh và di sản của nó : sách tham khảo /
Guardat en:
| Autor principal: | |
|---|---|
| Altres autors: | , |
| Format: | Sách giấy |
| Idioma: | Vietnamese |
| Publicat: |
H. :
Chính trị Quốc gia,
2002.
|
| Matèries: | |
| Etiquetes: |
Afegir etiqueta
Sense etiquetes, Sigues el primer a etiquetar aquest registre!
|
| Thư viện lưu trữ: | Thư viện Trường Đại học Đà Lạt |
|---|
| LEADER | 00831nam a2200313 4500 | ||
|---|---|---|---|
| 001 | DLU120139385 | ||
| 005 | ##20120807 | ||
| 040 | # | # | |a DLU |b vie |
| 041 | # | # | |a vie |
| 044 | # | # | |a vn |
| 082 | # | # | |a 909.82 |b TR-M |
| 100 | # | # | |a Trương Tiểu Minh. |
| 245 | # | # | |a Chiến tranh lạnh và di sản của nó : |b sách tham khảo / |c Trương Tiểu Minh; Hoàng Hương, Tú Linh dịch. |
| 260 | # | # | |a H. : |b Chính trị Quốc gia, |c 2002. |
| 300 | # | # | |a 596 tr. ; |c 22 cm. |
| 650 | # | # | |a Chính trị thế giới. |
| 700 | # | # | |a Tú Linh, |e dịch. |
| 700 | # | # | |a Hoàng Hương, |e dịch. |
| 923 | # | # | |a 01/2012LH |
| 991 | # | # | |a SH |
| 992 | # | # | |a 64000 |
| 994 | # | # | |a KLH |
| 900 | # | # | |a True |
| 911 | # | # | |a Đào Thị Thu Huyền |
| 925 | # | # | |a G |
| 926 | # | # | |a A |
| 927 | # | # | |a SH |
| 980 | # | # | |a Thư viện Trường Đại học Đà Lạt |